<?xml version='1.0' encoding='UTF-8'?>
  <record xmlns="http://www.loc.gov/MARC21/slim">
    <leader>00000cas a22000007i 4500</leader>
    <controlfield tag="001">ocm72793620</controlfield>
    <controlfield tag="003">OCoLC</controlfield>
    <controlfield tag="005">20251123003543.8</controlfield>
    <controlfield tag="008">850308d18941927ne uu p       0    0dut d</controlfield>
    <datafield tag="040" ind1=" " ind2=" ">
      <subfield code="a">NLGGC</subfield>
      <subfield code="b">dut</subfield>
      <subfield code="e">fobidrtb</subfield>
      <subfield code="c">NLGGC</subfield>
    </datafield>
    <datafield tag="029" ind1="0" ind2=" ">
      <subfield code="a">NLGGC</subfield>
      <subfield code="b">85091860X</subfield>
    </datafield>
    <datafield tag="035" ind1=" " ind2=" ">
      <subfield code="a">(OCoLC)72793620</subfield>
    </datafield>
    <datafield tag="245" ind1="0" ind2="0">
      <subfield code="a">Oogheelkundige verslagen en bijbladen uitgegeven met het Jaarverslag van het Nederlandsch Gasthuis voor Ooglijders.</subfield>
    </datafield>
    <datafield tag="246" ind1="3" ind2=" ">
      <subfield code="a">Jaarverslag van het Nederlandsch Gasthuis voor Ooglijders</subfield>
    </datafield>
    <datafield tag="260" ind1=" " ind2=" ">
      <subfield code="a">Utrecht :</subfield>
      <subfield code="b">[s.n.],</subfield>
      <subfield code="c">1894-1927.</subfield>
    </datafield>
    <datafield tag="300" ind1=" " ind2=" ">
      <subfield code="a">v. ;</subfield>
      <subfield code="c">8o.</subfield>
    </datafield>
    <datafield tag="336" ind1=" " ind2=" ">
      <subfield code="a">tekst</subfield>
      <subfield code="b">txt</subfield>
      <subfield code="2">rdacontent/dut</subfield>
    </datafield>
    <datafield tag="337" ind1=" " ind2=" ">
      <subfield code="a">zonder medium</subfield>
      <subfield code="b">n</subfield>
      <subfield code="2">rdamedia/dut</subfield>
    </datafield>
    <datafield tag="338" ind1=" " ind2=" ">
      <subfield code="a">band</subfield>
      <subfield code="b">nc</subfield>
      <subfield code="2">rdacarrier/dut</subfield>
    </datafield>
    <datafield tag="362" ind1="0" ind2=" ">
      <subfield code="a">35 (1893)-68 (1926).</subfield>
    </datafield>
    <datafield tag="580" ind1=" " ind2=" ">
      <subfield code="a">Hierin opgenomen: Verslag loopende over het jaar ... / Vereeniging tot het Verleenen van Hulp aan Minvermogende Ooglijders voor Zuid-Holland ...</subfield>
    </datafield>
    <datafield tag="710" ind1="2" ind2=" ">
      <subfield code="a">Nederlandsch Gasthuis voor Ooglijders (Utrecht)</subfield>
    </datafield>
    <datafield tag="780" ind1="0" ind2="0">
      <subfield code="t">Jaarlijksch verslag ...</subfield>
    </datafield>
    <datafield tag="780" ind1="1" ind2="5">
      <subfield code="a">Vereeniging tot het Verleenen van Hulp aan Minvermogende Ooglijders voor Zuid-Holland ...</subfield>
      <subfield code="t">Verslag loopende over het jaar ...</subfield>
    </datafield>
    <datafield tag="785" ind1="0" ind2="1">
      <subfield code="t">Jaarverslag</subfield>
    </datafield>
    <datafield tag="936" ind1=" " ind2=" ">
      <subfield code="a">BATCHLOAD</subfield>
    </datafield>
  </record>